000 00864nam a22001577a 4500
999 _c524427
_d524427
008 231114b ||||| |||| 00| 0 eng d
100 _aAmbedkar, Bhimrao Ramji
_946058
245 _aTransformative constitutionalism in India: The role of judiciary
260 _aJournal of the Indian Law Institute
300 _a64(3), Jul-Sep, 2023: p.373-386
520 _aThe Indian Consultation reflects a careful balance between the need for compliance with procedural norms vis-à-vis the flexibility in catering to the demands of the ever-changing society. The beauty lies in this rigid-cum-flexible operation of the constitution that allows it to function effectively as a living document. – Reproduced
650 _aTransformative constitutionalism, Judiciary
_946059
773 _aJournal of the Indian Law Institute
906 _aJUDICIARY
942 _cAR